Webster's new world : 575 French verbs
Đã lưu trong:
| Príomhúdar: | |
|---|---|
| Formáid: | Leabhar |
| Teanga: | Undetermined |
| Foilsithe: |
New Jersey
John Wiley and Sons
2005
|
| Ábhair: | |
| Clibeanna: |
Cuir Clib Leis
Gan Chlibeanna, Bí ar an gcéad duine leis an taifead seo a chlibeáil!
|
| Thư viện lưu trữ: | Trung tâm Học liệu Trường Đại học Cần Thơ |
|---|
| LEADER | 00561nam a2200217Ia 4500 | ||
|---|---|---|---|
| 001 | CTU_96171 | ||
| 008 | 210402s9999 xx 000 0 und d | ||
| 020 | |c 239000 | ||
| 082 | |a 448.2 | ||
| 082 | |b S819 | ||
| 100 | |a Stein, Gail | ||
| 245 | 0 | |a Webster's new world : | |
| 245 | 0 | |b 575 French verbs | |
| 245 | 0 | |c Gail Stein | |
| 260 | |a New Jersey | ||
| 260 | |b John Wiley and Sons | ||
| 260 | |c 2005 | ||
| 650 | |a French language,French language | ||
| 650 | |x Verb,Idioms | ||
| 904 | |i Hiếu | ||
| 980 | |a Trung tâm Học liệu Trường Đại học Cần Thơ | ||